Páramos y ecosistemas alto andinos de Colombia en condición Hotspot global climatic tensor / (Registro nro. 2764)

Detalles MARC
000 -CABECERA
Campo de control 02617nam a2200685 a 4500
005 - FECHA Y HORA DE LA ULTIMA TRANSACCION
Campo de control 20180803165034.0
008 - ELEMENTOS DE LONGITUD FIJA—INFORMACION GENERAL
Campo de control 140306t2002 ck |||||r|||| 00| 0 spa d
020 ## - ISBN
ISBN 8067057
040 ## - FUENTE DE CATALOGACIÓN
Agencia catalogadora original CO-BoIAVH
Agencia transcriptora CO-BoIAVH
041 0# - IDIOMA
Código de idioma para texto/pista de sonido o título separado Español
044 ## - PAÍS DE PUBLICACIÓN
País de publicación Colombia
082 04 - NUMERO DE CLASIFICACION DECIMAL DEWEY
Número de clasificación 577.109861
Número del ítem A32p
100 1# - ASIENTO PRINCIPAL--NOMBRE PERSONAL
Nombre personal Alarcón Hincapié, Juan Carlos
9 (RLIN) 89626
245 10 - MENCION DE TITULO
Título Páramos y ecosistemas alto andinos de Colombia en condición Hotspot global climatic tensor /
Mención de responsabilidad Juan Carlos Alarcón Hincapié [y otros 33]
260 ## - PUBLICACION, DISTRIBUCION, ETC. (PIE DE IMPRENTA)
Lugar de publicación, distribución, etc. Bogotá:
Nombre del editor, distribuidor, etc. IDEAM,
Fecha de publicación, distribución, etc. 2002.
300 ## - DESCRIPCION FISICA
Extensión 387 páginas :
Otros detalles físicos tablas, mapas ;
Dimensiones 28 x 22 cm.
500 ## - NOTA GENERAL
Nota general Incluye anexos.
504 ## - NOTA DE BIBLIOGRAFIA, ETC.
Nota de bibliografía Incluye bibliografias.
650 #6 - ASIENTO SECUNDARIO DE MATERIA - TERMINO TEMATICO
Término temático o nombre geográfico como elemento de entrada Páramos
Subdivisión geográfica Colombia
9 (RLIN) 89627
650 #4 - ASIENTO SECUNDARIO DE MATERIA - TERMINO TEMATICO
Término temático o nombre geográfico como elemento de entrada Ecosistemas altoandinos
Subdivisión geográfica Colombia
9 (RLIN) 89628
650 #6 - ASIENTO SECUNDARIO DE MATERIA - TERMINO TEMATICO
Término temático o nombre geográfico como elemento de entrada Cambio climático
Subdivisión geográfica Colombia
9 (RLIN) 89629
650 #6 - ASIENTO SECUNDARIO DE MATERIA - TERMINO TEMATICO
Término temático o nombre geográfico como elemento de entrada Uso del suelo
Subdivisión geográfica Colombia
9 (RLIN) 89630
650 #4 - ASIENTO SECUNDARIO DE MATERIA - TERMINO TEMATICO
Término temático o nombre geográfico como elemento de entrada Ecosistemas de alta montaña
Subdivisión geográfica Colombia
9 (RLIN) 89631
662 ## - ASIENTO SECUNDARIO DE MATERIA - JERARQUIA DEL NOMBRE DE LUGAR(
País o entidad mayor Colombia
700 1# - ASIENTO SECUNDARIO - NOMBRE PERSONAL
Nombre personal Castaño Uribe, Carlos
9 (RLIN) 92213
700 1# - ASIENTO SECUNDARIO - NOMBRE PERSONAL
Nombre personal Andrade, Germán I.
9 (RLIN) 89633
700 1# - ASIENTO SECUNDARIO - NOMBRE PERSONAL
Nombre personal Arango Fernández, Gonzalo
9 (RLIN) 89634
700 1# - ASIENTO SECUNDARIO - NOMBRE PERSONAL
Nombre personal Barbosa Castillo, César Eduardo
9 (RLIN) 8631
700 1# - ASIENTO SECUNDARIO - NOMBRE PERSONAL
Nombre personal Buitrago, César
9 (RLIN) 16618
700 1# - ASIENTO SECUNDARIO - NOMBRE PERSONAL
Nombre personal Carrasco Leal, Juan B.
9 (RLIN) 89635
700 1# - ASIENTO SECUNDARIO - NOMBRE PERSONAL
Nombre personal Castaño Uribe, Carlos
9 (RLIN) 92213
700 1# - ASIENTO SECUNDARIO - NOMBRE PERSONAL
Nombre personal Ceballos Lievano, Jorge Luis
9 (RLIN) 8174
700 1# - ASIENTO SECUNDARIO - NOMBRE PERSONAL
Nombre personal Cruz Arguello, Sandra Patricia
9 (RLIN) 8103
700 1# - ASIENTO SECUNDARIO - NOMBRE PERSONAL
Nombre personal Falla Ramírez, Patricia,
9 (RLIN) 37609
700 1# - ASIENTO SECUNDARIO - NOMBRE PERSONAL
Nombre personal García de Mejía, Martha
9 (RLIN) 89636
700 1# - ASIENTO SECUNDARIO - NOMBRE PERSONAL
Nombre personal Gómez Sánchez, Carlos
9 (RLIN) 89637
700 1# - ASIENTO SECUNDARIO - NOMBRE PERSONAL
Nombre personal Gutiérrez Rey, Hilda
9 (RLIN) 89638
700 1# - ASIENTO SECUNDARIO - NOMBRE PERSONAL
Nombre personal Henao, Jesús Eugenio
9 (RLIN) 89639
700 1# - ASIENTO SECUNDARIO - NOMBRE PERSONAL
Nombre personal Hurtado Moreno, Gonzalo
9 (RLIN) 89640
700 1# - ASIENTO SECUNDARIO - NOMBRE PERSONAL
Nombre personal Marín Ramírez, Rodrigo
9 (RLIN) 8633
700 1# - ASIENTO SECUNDARIO - NOMBRE PERSONAL
Nombre personal Martínez-Ardila, Néstor Javier
9 (RLIN) 24650
700 1# - ASIENTO SECUNDARIO - NOMBRE PERSONAL
Nombre personal Martínez Nieto, Patricia
9 (RLIN) 4173
700 1# - ASIENTO SECUNDARIO - NOMBRE PERSONAL
Nombre personal Moreno Pinzón, Gladys
9 (RLIN) 89641
700 1# - ASIENTO SECUNDARIO - NOMBRE PERSONAL
Nombre personal Olarte Villanueva, Claudia
9 (RLIN) 89642
700 1# - ASIENTO SECUNDARIO - NOMBRE PERSONAL
Nombre personal Otero García, Javier
9 (RLIN) 335
700 1# - ASIENTO SECUNDARIO - NOMBRE PERSONAL
Nombre personal Pabón Caicedo, José Daniel
9 (RLIN) 290
700 1# - ASIENTO SECUNDARIO - NOMBRE PERSONAL
Nombre personal Pardo Pardo, Esperanza
9 (RLIN) 89643
700 1# - ASIENTO SECUNDARIO - NOMBRE PERSONAL
Nombre personal Ponce de Leon-Chaux, Eugenia
9 (RLIN) 10859
700 1# - ASIENTO SECUNDARIO - NOMBRE PERSONAL
Nombre personal Ramírez Aguilera, Diana Patricia
9 (RLIN) 6044
700 1# - ASIENTO SECUNDARIO - NOMBRE PERSONAL
Nombre personal Rincón Romero, Mauricio
9 (RLIN) 89644
700 1# - ASIENTO SECUNDARIO - NOMBRE PERSONAL
Nombre personal Rosas F., María Lucía
9 (RLIN) 89645
700 1# - ASIENTO SECUNDARIO - NOMBRE PERSONAL
Nombre personal Rolón Domínguez, Ethel
9 (RLIN) 89646
700 1# - ASIENTO SECUNDARIO - NOMBRE PERSONAL
Nombre personal Salazar Holguín, Fernando
9 (RLIN) 89647
700 1# - ASIENTO SECUNDARIO - NOMBRE PERSONAL
Nombre personal Sánchez Lancheros, Félix D.
9 (RLIN) 89648
700 1# - ASIENTO SECUNDARIO - NOMBRE PERSONAL
Nombre personal Sánchez López, Reinaldo
9 (RLIN) 89649
700 1# - ASIENTO SECUNDARIO - NOMBRE PERSONAL
Nombre personal Triana García, José Ville
9 (RLIN) 89650
700 1# - ASIENTO SECUNDARIO - NOMBRE PERSONAL
Nombre personal Van Der Hammen, Thomas,
Fechas asociadas con el nombre 1924-
9 (RLIN) 89651
700 1# - ASIENTO SECUNDARIO - NOMBRE PERSONAL
Nombre personal Villa Lopera, Antonio
9 (RLIN) 89652
942 ## - ELEMENTOS ADICIONALES (KOHA)
Tipo de ítem Libro
Sistema de clasificación Dewey Decimal Classification
Existencias
Withdrawn status Lost status Sistema de Clasificación Damaged status No para préstamo Colección Ubicación Permanente Ubicación actual Fecha de adquisición Total Checkouts Número topográfico Inventario / Código de Barras Date last seen Ejemplar Price effective from Tipo de material Inventariado Fuente de Valor Valor Date checked out Forma de adquisición
    Dewey Decimal Classification     General Bogotá Bogotá 19/06/2002 1 LB-577.109861 A32p 004958 13/11/2019 Ej. 1 04/12/2012 Libro Inventariado 2017 Instituto 15000.00 13/11/2019  
    Dewey Decimal Classification     General Bogotá Bogotá 25/11/2019   LB-577.109861 A32p 043826 25/11/2019 Ej.2 25/11/2019 Libro         Donación
    Local     General Villa de Leyva Villa de Leyva 04/07/2002   LB-02571 003252 04/12/2012 Ej. 3 04/12/2012 Libro